000 00765nam a2200253Ia 4500
003 OSt
005 20220925235341.0
006 a|||||r|||| 00| 0
007 ta
008 220923b |||||||| |||| 00| 0 eng d
020 _a8189524143
_c20
037 _b879, 12/03/2013, Pranami Book Service
_cGeneral Book
040 _aRTL
_cRTL
_beng
041 _2eng
_aeng
082 _aYxM75:g, P6
100 _aKHANE B D
_9301237
245 0 _aChhatrapati Shahu's crusade against untouchability.
260 _a New Delhi
_bCritical Quest
_c2006
300 _a32p.
_ccm.
500 _aAppendix: p 28-32
650 _aSociology
942 _hYxM75:g, P6
_cGB
_2CC
999 _c597227
_d597227